Football Féminin : Les joueuses passées par l’OM - Statistiques

Statistiques générales
  • Ce quiz a été pris 22 fois
  • Le résultat moyen est 3 sur 11
Answers on the Grid
Answers color-coded by a green-red scale on the quiz's grid according to % correct below.
Pauline Peyraud-Magnin
Eugénie Le Sommer
Sandrine Brétigny
Ashley Clark
Tess Laplacette
Kenza Dali
Louisa Nécib
Kelly Gadéa
Sakina Karchaoui
Maëlle Lakrar
Viviane Asseyi
Océane Toussaint Dit Marseille
Kheira Hamraoui
Karima Benameur
Jenny Perret
Manon Uffren
Caroline Pizzala
Selma Bacha
Inès Kbida
Virginia Torrecilla
 
Statistiques - réponses
Réponse % Correct
Pauline Peyraud-Magnin
53%
Tess Laplacette
47%
Jenny Perret
40%
Maëlle Lakrar
33%
Sandrine Brétigny
27%
Viviane Asseyi
27%
Ashley Clark
20%
Caroline Pizzala
20%
Inès Kbida
20%
Karima Benameur
20%
Kelly Gadéa
20%
Aucun quiz correspondant
Distribution des résultats
% des personnes avec chaque résultat
Percentile par nombre de réponses
Votre historique - résultats
Vous n’avez pas pris ce quiz